02964nam a2200337 i 450000100190000000500170001900600190003600700150005500800410007002000180011103500240012903500250015303500240017803500280020204000410023005000210027110000390029224500830033125000190041426400570043326400090049030000140049950400510051350510560056452008210162065000330244170000360247494200080251095200930251899900150261199110740005220619620250331094637.0m o d | cr#cnu||||||||240825t20242024enka ob 001 0 eng d a9781529240184 a(MiAaPQ)EBC31339491 a(Au-PeEL)EBL31339491 a(CKB)34092313900041 a(EXLCZ)9934092313900041 aMiAaPQbengerdaepncMiAaPQdMiAaPQ 4aHD31b.S283 2024 aSavage, Paul,d1925-1987,eauthor.10aMoomin Management b: Redefining Generosity c/ Paul Savage and Janne Tienari. aFirst edition. 1aBristol, England :bBristol University Press,c2024. 4c2024 a161 pages aIncludes bibliographical references and index.0 aThe Moomin Way — Birth (And Life) of Ideas — The ebb and flow of inspiration — Characters and stories that stand the test of time — Balancing between art and business — Branding: Larger than Life — A brand that is universally local — Protecting the brand while letting it blossom — Branding generously — Partnerships: Crossroads of Passions — An ecosystem built on passion — Sharing the passion in strategic partnerships — Partnering generously — Strategy: What's the Purpose? — Values as bridges from the past to the future — Doing strategy with love, equality, and courage — Sharpening the approach to sustainability — Strategizing generously — Technologies: Into Virtual Worlds — Expanding into the unknown — People, technologies, and magic — Digitalizing generously — People: It Is Alright to Be Broken — Members of the resilient organization unite! — All the brave people and their humour — Managing people generously — Let's Party! — References — Media materials on Moomin — Index. aMoomins, beloved troll creatures of Moominvalley, have captivated hearts worldwide since the 1940s. This book unveils the Moomin business management journey, from Tove Jansson's creations to a global art-based brand and a growing ecosystem of companies. Emphasising generosity as a key management principle, it champions caring for people as vital for a thriving organisation. Generosity, rooted in love, courage and belief in equality, shapes the Moomin ethos, underpinning not just the brand, but also strategic partnerships, engagement with technologies and the virtual world. Offering rare insights from the Moomin inner circle, this management guide advocates sustainable practices. It unveils the keys to a business devoted to comforting people and fostering good, inspiring a blueprint for lasting success. 0aIndustrial management920469 aTienari, Janne,eauthor.924894 2lcc 00102lcc4070aTBSbTBSd2025-03-12l0oHD31 SAVpB07506r2025-03-12t1w2025-03-12y1 c4533d4533